00561nam a2200157Ia 4500008004100000020001800041084002500059100001700084245005900101260002200160300001800182650006200200942000700262999001700269952011700286220325s9999||||xx |||||||||||||| ||und|| a92-64-10374-0 a1128-0021 PAS Gov Bo aAndre Pascal 0aGovernance of Public Research: Toward Better Practices aParisbOECDc2003 ai-1 + 160 hlm aGovernment (Pemerintahan)eG-O-VyToward Better Practices cBK c18214d18214 00104070aMAPLbMAPLcSHELF d2022-03-26g8.00l0o1128-0021 PAS Gov Bop11280021r2022-03-26w2022-03-26yBK